000 00327nam a22001457a 4500
005 20160616112015.0
008 160616b xxu||||| |||| 00| 0 eng d
041 _aeng
082 _b7934
100 _aShejwal Kar, P.C. Dr.
_92071
245 _aCases in Management
260 _bEPH
650 _aManagement
_9241
942 _cBK
999 _c2903
_d2902